[Event "Kurnosov Memorial Rapid 2020"]
[Site "Chelyabinsk"]
[Date "2020.09.04"]
[Round "3.8"]
[White "Salemgareev, Tagir"]
[Black "Chigaev, Maksim"]
[Result "0-1"]
[WhiteElo "2461"]
[BlackElo "2588"]
[Annotator "TA"]
[PlyCount "78"]
[EventDate "2020.09.04"]
[EventType "swiss"]
[EventCountry "RUS"]
[SourceTitle "playchess.com"]
[Source "ChessBase"]
[SourceQuality "1"]

{[%evp 16,78,36,0,0,0,0,0,0,0,0,-73,-54,-45,-38,-30,-46,-31,-17,-22,-22,-21,-22,-60,-23,-26,-12,-21,0,0,0,-21,-24,-70,-77,-75,-74,-249,-258,-272,-220,-2925,-1930,-1640,-1444,-29962,12794,-29967,-29968,-29975,-29976,-29976,-29977,-29977,-29978,-29979,-29979,-29979,-29980,-29981,-29981,-29982,-29983,-29983,-29984]} 1. d4 Nf6 2. c4 g6 3. Nc3 d5 4. cxd5 Nxd5 5. e4 Nxc3 6. bxc3 Bg7 7. Nf3 c5 8. Be3 Bg4 9. Qd2 Bxf3 {9...cxd4 is the fancy move. Played by Peter Svidler in April 2020. D85: Exchange Grünfeld: Unusual White 7th moves and lines with 7 Nf3.} 10. gxf3 {[#]} e6 $1 $146 {[%mdl 8] An important novelty.} ({Predecessor:} 10... Nd7 11. Rb1 Qc7 12. h4 O-O-O 13. Bh3 e6 14. O-O Kb8 15. Qe2 cxd4 16. cxd4 Nb6 17. Rb4 {1-0 (52) Kovalenko,I (2680)-Babujian,L (2465) Al Ain 2015}) 11. Rb1 cxd4 {The position is equal.} 12. cxd4 O-O $1 13. Rxb7 {[#]} (13. d5 $11) 13... Nc6 $1 $17 {[%cal Rc6d4]} 14. Bg2 Bxd4 15. O-O Bxe3 16. Qxe3 Rb8 17. Rxb8 Qxb8 18. f4 Rd8 19. h4 Nd4 20. Rd1 Qd6 $36 {[%mdl 2048] ...Ne2+! is the strong threat. Black is pushing.} 21. Kh1 e5 22. fxe5 Qxe5 23. f4 Qf6 24. Qf2 Ne6 {Black keeps a firm grip on the game.} 25. Rxd8+ Qxd8 26. Qxa7 $2 (26. Kh2 $17 {was necessary.}) 26... Qxh4+ $19 {[%mdl 64] Double Attack} 27. Kg1 Nxf4 {White must now prevent ...Qe1+.} 28. Qe3 $2 {[#]} (28. Qb8+ Kg7 29. Qb2+ f6 30. Qf2) 28... Qg5 $1 {[%csl Gf4][%cal Rg5g2]} 29. Qf3 Nxg2 30. Qxg2 Qxg2+ 31. Kxg2 {[%mdl 4096] Endgame [#] Hoping for a4. K3P-KPP} Kf8 $1 {Black mates.} 32. a4 Ke8 33. e5 h5 34. Kf3 g5 35. a5 Kd8 36. Ke4 h4 37. a6 Kc8 38. a7 Kb7 39. a8=Q+ Kxa8 {Accuracy: White = 66%, Black = 97%.} 0-1

[Event "Kurnosov Memorial Rapid 2020"]
[Site "Chelyabinsk"]
[Date "2020.09.04"]
[Round "3.9"]
[White "Demchenko, Anton"]
[Black "Frolyanov, Dmitry"]
[Result "1-0"]
[WhiteElo "2641"]
[BlackElo "2546"]
[Annotator "TA"]
[PlyCount "71"]
[EventDate "2020.09.04"]
[EventType "swiss"]
[EventCountry "RUS"]
[SourceTitle "playchess.com"]
[Source "ChessBase"]
[SourceQuality "1"]

{[%evp 15,71,-3,0,0,0,-17,-20,-10,-22,-14,-12,-31,-8,-30,-9,-17,-10,-14,-8,-52,0,0,50,-42,0,-31,0,0,0,-7,0,-7,0,-19,-16,-120,0,0,10,8,54,69,238,270,263,251,1049,984,1840,1705,3235,2780,1201,1013,29986,931,29993,29988]} 1. d4 d5 2. Nf3 Nf6 3. Bf4 e6 4. e3 c5 5. Nbd2 Nc6 6. c3 Bd6 7. Bg3 O-O 8. Bd3 b6 9. e4 {Threatens to win with e5. D02: 1 d4 d5 2 Nf3 sidelines, including 2...Nf6 3 g3 and 2...Nf6 3 Bf4.} Be7 10. e5 Nh5 11. Ng5 {The position is equal.} Bxg5 (11... Nxg3 $2 12. Bxh7+ Kh8 13. Nxf7+ $1 {[%mdl 512]} Rxf7 14. hxg3 $18) 12. Qxh5 {[%csl Gd3][%cal Rh5h7]} g6 13. Qe2 cxd4 14. h4 $1 {[%cal Rh4g5]} Bh6 15. h5 $1 dxc3 16. bxc3 Bg7 17. Nf3 Bd7 {[#]} ({Black should play} 17... Qe7 $15) 18. Kf1 $146 ({Predecessor:} 18. hxg6 hxg6 19. Qe3 Qe7 20. Bh4 Qa3 21. O-O Qc5 22. Qf4 f5 23. exf6 Qxc3 24. Bxg6 Rxf6 25. Bxf6 Qxf6 26. Qxf6 Bxf6 {½-½ (64) Hauge,L (2433)-Haug,J (2387) Bergen 2018}) 18... Qc7 19. Qe3 (19. Kg1 $14) 19... Ne7 (19... Rac8 {seems wilder.} 20. Kg1 Ne7 21. Rc1 Qc5 22. Qd2 Bb5) 20. Rc1 Nf5 (20... Rac8 {keeps more tension.} 21. Nd4 h6 22. hxg6 fxg6 23. Kg1 Rf7) 21. Bxf5 $1 exf5 ({But not} 21... gxf5 $2 22. h6 $18) 22. Kg1 {Black must now prevent e6.} Qc5 {Strongly threatening ...Qxe3.} 23. Qd2 Rfe8 24. Bf4 Rac8 25. Bh6 (25. Bg5 $11 {remains equal.}) 25... Bh8 ({Black should try} 25... Bxe5 $17 26. Nxe5 Rxe5) 26. Be3 Qe7 27. Bg5 Qf8 28. Bf6 $1 $36 {[%mdl 2048] White has some pressure.} Bg7 $2 {This costs Black the game.} ({Better is} 28... Bxf6 $14 29. exf6 {[#]} d4 $1 {[%mdl 512]}) 29. hxg6 $18 fxg6 30. Ng5 {[%cal Bf3g5,Bg5h7,Bh7f6][%mdl 32]} (30. Qxd5+ Be6 $15) 30... Be6 $2 (30... Bxf6 31. Nxh7 {[%mdl 64] Double Attack} (31. exf6 Qxf6 32. Rxh7 Re7 $11) (31. Qxd5+ Be6 $17) 31... Rxe5 32. Nxf8 Rxf8) 31. Nxh7 Qa3 32. Qg5 Rxc3 33. Rxc3 Qxc3 34. Bxg7 {Intending Nf6+ and mate.} Qe1+ {[#]} 35. Kh2 $1 Qxf2 36. Nf6+ {[%mdl 64] Double Attack. Accuracy: White = 84%, Black = 53%.} 1-0

[Event "Kurnosov Memorial Rapid 2020"]
[Site "Chelyabinsk"]
[Date "2020.09.04"]
[Round "3.10"]
[White "Faizrakhmanov, Ramil"]
[Black "Esipenko, Andrey"]
[Result "0-1"]
[WhiteElo "2451"]
[BlackElo "2682"]
[Annotator "TA"]
[PlyCount "60"]
[EventDate "2020.09.04"]
[EventType "swiss"]
[EventCountry "RUS"]
[SourceTitle "playchess.com"]
[Source "ChessBase"]
[SourceQuality "1"]

{[%evp 18,60,10,3,17,0,0,0,0,0,14,6,25,19,31,26,45,45,44,24,66,-33,0,0,0,-412,-383,-742,-712,-1248,-1224,-6295,-6283,-2276,-980,-954,-933,-29994,-29995,-29995,-29996,-29996,-29997,-29997,-29998]} 1. d4 Nf6 2. c4 e6 3. Nf3 b6 4. g3 Ba6 5. b3 Bb4+ 6. Bd2 Be7 7. Nc3 d5 8. cxd5 exd5 9. Bg2 O-O 10. O-O Nbd7 {E15: Queen's Indian: 4 g3 sidelines, 4 g3 Ba6 and 4 g3 Bb7 early deviations.} 11. Bc1 {11.Qc2 is setting a new trend.} Bb4 12. Bb2 Re8 {The position is equal.} 13. Re1 Bb7 {[#]} 14. Qc2 $146 ({Predecessor:} 14. a3 Bd6 15. Rc1 c6 16. Nd2 Rc8 17. b4 Ba8 18. Qb3 Nf8 19. b5 Ne6 20. e3 Bb8 21. bxc6 Bxc6 22. Nf3 {½-½ (47) Oleksienko,M (2630)-Bortnyk,O (2463) Minsk 2014}) 14... a6 15. a3 Bd6 16. Nd2 c5 17. e4 cxd4 {[#] aiming for ...Rc8.} 18. Nxd5 Rc8 19. Qd3 ({Better is} 19. Qd1 $14) 19... Ne5 $36 {[%mdl 2048] Black is pushing.} 20. Qb1 d3 {And now ...Rc2 would win.} 21. f4 $2 {[%mdl 8192]} (21. Nc4 $11) 21... Nxd5 $19 22. exd5 $2 (22. fxe5 Bc5+ 23. Kh1) 22... Rc2 23. Ne4 Bc5+ 24. Nxc5 {[#]} Rxg2+ $1 {[%mdl 576] Decoy} 25. Kxg2 Qxd5+ (25... bxc5 $142 26. Rxe5 Rxe5 27. Qxd3 Rxd5 28. Qe3 Re5+ 29. Kf2 Rxe3 30. Kxe3 Qd5 31. Rc1 Qf3+ 32. Kd2 Qf2+ {[%mdl 64] Double Attack} 33. Kd3 f5 34. b4 Qxb2 35. Rxc5 Qxh2 36. Rxf5 Qxg3+ 37. Kc4 Qxa3 38. Rc5 Qe3 39. Ra5 Qxf4+ 40. Kc3 Qe3+ 41. Kc2 Be4+ 42. Kd1 Qd4+ 43. Ke2 Qxb4 44. Rg5 Qb3 45. Rg1 Qd3+ 46. Ke1 Qe3+ 47. Kf1 g5 48. Rxg5+ Qxg5 49. Kf2 h5 50. Ke2 Qf4 51. Ke1 Qe3+ 52. Kd1 Qf2 53. Kc1 Qc2#) 26. Ne4 Ng4 27. Qc1 Rxe4 {Black mates.} 28. Rxe4 Qxe4+ 29. Kh3 Nf2+ 30. Kh4 Qe7+ {Accuracy: White = 51%, Black = 86%.} 0-1

[Event "Kurnosov Memorial Rapid 2020"]
[Site "Chelyabinsk"]
[Date "2020.09.04"]
[Round "3.11"]
[White "Lysyj, Igor"]
[Black "Makhmutov, Rail"]
[Result "1-0"]
[WhiteElo "2594"]
[BlackElo "2416"]
[Annotator "TA"]
[PlyCount "65"]
[EventDate "2020.09.04"]
[EventType "swiss"]
[EventCountry "RUS"]
[SourceTitle "playchess.com"]
[Source "ChessBase"]
[SourceQuality "1"]

{[%evp 13,65,0,17,5,27,32,25,21,35,31,12,26,23,22,33,39,43,37,33,39,25,25,29,31,46,41,47,35,46,35,88,102,87,72,156,180,163,154,185,185,185,183,194,187,192,192,647,597,667,422,962,894,887,887]} 1. d4 Nf6 2. c4 e6 3. Nf3 d5 4. g3 Bb4+ 5. Bd2 Be7 6. Bg2 O-O 7. O-O Nbd7 8. Qc2 {E11: Bogo-Indian.} Ne4 9. a3 $5 {[%mdl 4] An interesting side line.} c6 {[#]} 10. Bb4 $146 {White has an edge.} ({Predecessor:} 10. Be1 f5 11. e3 a5 12. b3 Bf6 13. Ra2 g5 14. Nfd2 Nd6 15. f3 Bg7 16. Bf2 Nf6 {0-1 (90) Sifunda,S (1908)-Smirnov,A (2069) Maikop 2018}) 10... b6 11. Bxe7 Qxe7 12. Nbd2 Nxd2 13. Nxd2 Ba6 14. b4 Rac8 15. Qb3 Bxc4 16. Nxc4 dxc4 17. Qxc4 c5 18. Rfc1 g6 19. dxc5 bxc5 20. Qa6 Nb8 21. Qa5 {[%cal Rc1c5]} cxb4 ({Black should play} 21... c4 $14) 22. axb4 $16 {[%cal Ba3b4,Bb4c5][%mdl 32]} a6 23. Rc5 Rxc5 (23... h5 $142) 24. bxc5 ({Much less strong is} 24. Qxc5 $6 Qd7 $14) 24... Rc8 25. Rb1 Nc6 26. Qxa6 Qd7 27. Qa4 h5 28. Rd1 Qb7 29. h4 Rc7 $2 {[#]} (29... Qc7 30. Rc1 Kg7) 30. Rd8+ $3 $18 {[%mdl 512] White is clearly winning.} Kh7 (30... Nxd8 31. Bxb7) 31. Kh2 Nxd8 (31... Kg7 $142 32. Ra8 Qb4 33. Bxc6 Qxa4 34. Bxa4 Rxc5) 32. Bxb7 Rxb7 33. Qe8 {Accuracy: White = 92%, Black = 58%.} 1-0

[Event "Kurnosov Memorial Rapid 2020"]
[Site "Chelyabinsk"]
[Date "2020.09.04"]
[Round "4.1"]
[White "Timofeev, Artyom"]
[Black "Shimanov, Aleksandr"]
[Result "1-0"]
[WhiteElo "2580"]
[BlackElo "2593"]
[Annotator "TA"]
[PlyCount "94"]
[EventDate "2020.09.04"]
[EventType "swiss"]
[EventCountry "RUS"]
[SourceTitle "playchess.com"]
[Source "ChessBase"]
[SourceQuality "1"]

{[%evp 9,94,27,17,-3,0,-6,-4,-21,-14,-9,6,0,11,16,33,14,59,62,79,63,64,57,82,57,63,63,63,69,63,59,58,57,65,56,55,34,60,30,104,106,102,83,104,100,98,66,76,63,50,46,65,61,125,87,114,91,151,153,138,109,114,114,140,140,117,144,166,154,169,130,144,106,125,127,160,103,104,101,402,402,363,187,684,671,778,773,725]} 1. e4 c6 2. d4 d5 3. f3 g6 4. Nc3 Bg7 5. Be3 Qb6 6. Rb1 {B15: Caro-Kann: 3 Nc3: 3...g6 and 3...dxe4 4 Nxe4 Nf6 5 Nxf6+ exf6.} dxe4 7. Nxe4 Nf6 8. Qd2 {The position is equal.} Nbd7 {[#]} 9. Bc4 $146 ({Predecessor:} 9. Nc3 O-O 10. Bd3 Qc7 11. Nge2 e5 12. O-O exd4 13. Nxd4 Ne5 14. Be2 Rd8 15. Qe1 {0-1 (33) Lane,G (2391)-Krasenkow,M (2620) Canberra 2017}) 9... Nd5 10. Bf2 O-O 11. Ne2 N7f6 12. O-O Bf5 13. N2g3 Bd7 14. Bb3 Qc7 15. Nc5 Rad8 16. Rfe1 Bc8 17. Nd3 e6 18. c3 b6 19. Ne4 Ba6 20. Bg3 Qc8 21. Bh4 Bxd3 22. Qxd3 {Strongly threatening Bxd5.} Rd7 23. Rbd1 b5 (23... c5 $11 {remains equal.}) 24. Nc5 $16 Rdd8 25. Qe2 Rde8 26. a4 a6 27. axb5 axb5 28. Bg3 Rd8 29. Ra1 Nd7 30. Ne4 N7b6 (30... Qb7 $14) 31. Ra7 {Black must now prevent Nd6.} Rd7 32. Ra2 $36 {[%mdl 2048] White has strong initiative.} Qe8 (32... Qd8 $142 33. Ra6 Re8) 33. Bd6 Ne7 34. Rea1 Qd8 35. Bc5 Re8 {[#]} 36. Ra6 $1 Nec8 37. f4 Qc7 38. g3 Nd5 39. Ra8 {Bxd5 is the strong threat.} Rdd8 40. Kh1 Ndb6 41. R8a6 Nd7 42. Qf3 (42. Bb4 $142) 42... Nxc5 43. Nxc5 Nb6 $2 {[%mdl 8192] This move loses the game for Black.} (43... Bf8 $16) 44. Ra7 $18 Qc8 {[#]} 45. Rb7 (45. f5 $142 $1 {[%mdl 512]} gxf5 (45... exf5 46. Bxf7+) 46. Qh5) 45... Nd7 $2 (45... Na4 46. Bxa4 bxa4) 46. Raa7 Nxc5 47. dxc5 Rf8 {Accuracy: White = 74%, Black = 70%.} 1-0

[Event "Kurnosov Memorial Rapid 2020"]
[Site "Chelyabinsk"]
[Date "2020.09.04"]
[Round "4.2"]
[White "Goganov, Aleksey"]
[Black "Predke, Alexandr"]
[Result "1/2-1/2"]
[WhiteElo "2565"]
[BlackElo "2684"]
[Annotator "TA"]
[PlyCount "51"]
[EventDate "2020.09.04"]
[EventType "swiss"]
[EventCountry "RUS"]
[SourceTitle "playchess.com"]
[Source "ChessBase"]
[SourceQuality "1"]

{[%evp 9,51,22,22,20,26,25,28,18,35,16,16,16,22,22,9,12,35,45,38,26,27,24,34,0,21,-54,17,-42,-50,-31,-18,-31,-14,-27,0,0,0,0,0,0,0,0,6,6]} 1. e4 c6 2. d4 d5 3. e5 c5 4. dxc5 e6 5. Nf3 Bxc5 6. Bd3 {B12: Caro-Kann: Advance Variation.} Ne7 7. O-O Nbc6 8. a3 {White has an edge. 8.Nbd2 gains popularity.} a5 9. Bf4 {[#]} h6 $146 ({Predecessor:} 9... Ng6 10. Bg3 a4 11. c4 dxc4 12. Bxc4 Qxd1 13. Rxd1 Bd7 14. Bb5 Ncxe5 15. Bxd7+ Nxd7 {1-0 (59) Klinova,M (2353)-Gilbert,J (2098) Gibraltar 2006}) 10. Qe2 O-O 11. Nc3 Ng6 12. Bg3 f5 13. exf6 Qxf6 14. Bxg6 Qxg6 15. Nb5 b6 16. a4 Ba6 17. Rfe1 {[#]} (17. c3 $11) 17... Rae8 (17... Rxf3 $1 $15 {[%mdl 512]} 18. Qxf3 Bxb5 19. axb5 Nd4) 18. c3 {[#]} ({White should play} 18. Qd1 $11) 18... e5 $1 $15 {[%mdl 512]} 19. Qd2 (19. Nxe5 Nxe5) 19... Qf7 20. Rad1 e4 21. Nc7 Bc4 {...Rc8 is the strong threat.} 22. Nxe8 {The position is equal.} Rxe8 23. Nd4 Nxd4 24. cxd4 Bb4 25. Qe3 Rc8 26. b3 {Accuracy: White = 87%, Black = 83%.} 1/2-1/2

[Event "Kurnosov Memorial Rapid 2020"]
[Site "Chelyabinsk"]
[Date "2020.09.04"]
[Round "4.4"]
[White "Chigaev, Maksim"]
[Black "Lysyj, Igor"]
[Result "1/2-1/2"]
[WhiteElo "2588"]
[BlackElo "2594"]
[Annotator "TA"]
[PlyCount "38"]
[EventDate "2020.09.04"]
[EventType "swiss"]
[EventCountry "RUS"]
[SourceTitle "playchess.com"]
[Source "ChessBase"]
[SourceQuality "1"]

{[%evp 12,25,16,9,8,5,23,18,16,14,26,21,77,70,95,0]} 1. d4 d5 2. c4 c6 3. Nf3 Nf6 4. Nc3 e6 5. e3 Nbd7 6. Qc2 b6 7. b3 Bb7 {D45: Semi-Slav: 5 e3.} 8. Bd3 Bd6 {is the legacy move (8...Be7).} 9. Bb2 Qe7 10. O-O O-O 11. Rfe1 c5 (11... h6 $11) 12. cxd5 $16 exd5 {[#]} 13. Rad1 {[#]} ({Better is} 13. e4 $1 $16 {[%cal Re4e5]} cxd4 14. Nxd5 (14. Nxd4 Qe5 $14)) {Predecessor:} 13... Rfe8 $146 14. Bf1 Rac8 15. dxc5 Nxc5 16. Qd2 Red8 17. Rc1 Nce4 18. Qd4 Bc5 19. Qd3 Bb4 {½-½ (41) Ushenina,A (2478)-Zhukova,N (2461) Dagomys 2009} 1/2-1/2

[Event "Kurnosov Memorial Rapid 2020"]
[Site "Chelyabinsk"]
[Date "2020.09.04"]
[Round "4.5"]
[White "Iljiushenok, Ilia"]
[Black "Demchenko, Anton"]
[Result "1/2-1/2"]
[WhiteElo "2516"]
[BlackElo "2641"]
[Annotator "TA"]
[PlyCount "91"]
[EventDate "2020.09.04"]
[EventType "swiss"]
[EventCountry "RUS"]
[SourceTitle "playchess.com"]
[Source "ChessBase"]
[SourceQuality "1"]

{[%evp 12,91,53,45,50,41,48,35,40,37,53,39,42,52,55,48,44,21,20,8,10,-1,0,0,0,10,6,4,2,7,9,0,7,0,0,0,0,-3,0,0,0,-16,80,80,73,71,70,72,104,80,87,60,56,27,89,92,83,87,195,177,658,227,208,0,604,0,422,80,96,70,81,80,77,40,83,0,77,0,65,0,77,0]} 1. e4 e5 2. Nf3 Nc6 3. Bb5 a6 4. Ba4 Nge7 5. c3 d6 6. d4 Bd7 7. Be3 h6 {C75: Ruy Lopez: Deferred Steinitz: 5 c3 Bd7 6 d4 without ...g6.} 8. Nbd2 Ng6 9. O-O Be7 {White is slightly better.} 10. Re1 O-O 11. Nf1 {[#]} b5 $146 ({Predecessor:} 11... Kh8 12. Ng3 f5 13. exf5 Bxf5 14. Nxf5 Rxf5 15. Bc2 Rf6 16. Qd3 Qg8 17. h4 Nf4 18. Bxf4 Rxf4 19. dxe5 dxe5 20. Nxe5 Nxe5 21. Rxe5 {1-0 (47) Alves da Silva,J (1768)-Bocca,E (1645) Sao Paulo 2017}) 12. Bc2 exd4 13. Nxd4 Nxd4 14. Bxd4 (14. cxd4 {is interesting.} c5 15. f4 Rc8 16. dxc5 dxc5 17. e5) 14... Re8 15. Ng3 Bf6 16. a4 Bxd4 17. cxd4 Qg5 18. Qf3 Qf4 19. Qc3 c5 20. dxc5 dxc5 21. axb5 axb5 22. Rxa8 $40 {[%mdl 128] Black needs to defend precisely.} Rxa8 23. e5 b4 24. Qd3 Be6 {Threatens to win with ...Ra2.} 25. Qd6 Nf8 26. Ne4 (26. Be4 $5 {[%cal Re4a8]} Ra2 27. Nf1 $11) 26... b3 (26... Nd7 $11) 27. g3 $16 Qg4 28. Bd1 Qg6 29. Nxc5 Ra1 30. Kg2 Rb1 31. Qd4 Bf5 32. Re3 Ne6 (32... Qc6+ $1 $11 {keeps the balance.} 33. Bf3 Qb5) 33. Nxe6 Qxe6 34. g4 Bc2 (34... Qd7 $16 35. Qxd7 Bxd7) 35. Bf3 $18 {aiming for Bd5.} Qa6 $2 {[#]} (35... h5 36. gxh5 Bf5) 36. Be2 $2 (36. e6 $1 {[%mdl 512]} fxe6 37. Rc3) 36... Qc6+ 37. Bf3 $2 (37. f3 Bg6 38. Qd8+ (38. Rxb3 Qc2 $16) 38... Kh7 39. Rc3 (39. Rxb3 $2 Qc2 $19 {[%mdl 64] Double Attack}) 39... Qxc3 40. bxc3) 37... Qa6 $1 {[#]} 38. Be2 $2 (38. e6 $1 $18 {[%cal Re6f7][%mdl 512] Intending exf7+ and mate.} fxe6 39. Rc3) 38... Qa1 $2 {[%mdl 8192]} (38... Qc6+ $1 $11 39. f3 Kh7 40. Bd3+ Bxd3 41. Qxd3+ {[%mdl 64] Double Attack} Qg6) 39. Qd8+ $2 (39. e6 $18 {and the rest is easy. exf7+ would kill now.} fxe6 40. Rxe6 Rg1+ 41. Kh3 (41. Kf3 Qa8+ 42. Ke3 Re1 $16)) 39... Kh7 $16 40. Bd3+ Bxd3 41. Qxd3+ $14 {[%mdl 64] Double Attack. KQR-KQR} Kg8 42. Qd8+ ({But not} 42. Qxb3 Rg1+ 43. Kf3 Qf1 $11) 42... Kh7 43. Qd3+ Kg8 $1 44. Qd8+ (44. Qxb3 Rg1+ 45. Kf3 Qf1 $11) 44... Kh7 45. Qd3+ Kg8 $1 46. Qd8+ {Accuracy: White = 75%, Black = 71%.} ({Of course not} 46. Qxb3 Rg1+ 47. Kf3 Qf1 $11) (46. e6 $16 fxe6 47. Rxe6 Rg1+ 48. Kh3 Qf1+ 49. Qxf1 Rxf1 50. Re3) 1/2-1/2

[Event "Kurnosov Memorial Rapid 2020"]
[Site "Chelyabinsk"]
[Date "2020.09.04"]
[Round "4.6"]
[White "Esipenko, Andrey"]
[Black "Vitiugov, Nikita"]
[Result "1/2-1/2"]
[WhiteElo "2682"]
[BlackElo "2722"]
[Annotator "TA"]
[PlyCount "116"]
[EventDate "2020.09.04"]
[EventType "swiss"]
[EventCountry "RUS"]
[SourceTitle "playchess.com"]
[Source "ChessBase"]
[SourceQuality "1"]

{[%evp 9,116,0,17,11,14,3,29,8,18,0,0,0,0,0,0,0,0,0,0,0,2,-49,-23,-36,-18,-18,-22,-22,-17,-28,-22,-31,-14,-56,-56,-62,-62,-59,-48,-64,-26,0,0,-52,-46,-62,-54,-56,-55,-154,-81,-76,-68,-76,-52,-55,-58,-86,-69,-66,-68,-85,-80,-102,-93,-108,-60,-60,-60,-60,-60,-69,-60,-65,-72,-84,-79,-81,-21,-21,-22,-31,-14,-7,0,0,0,0,0,-33,-6,-68,-63,-64,-64,-58,-51,-72,-24,-12,0,0,0,-49,0,0,0,-40,0]} 1. c4 b6 2. Nc3 Bb7 3. d4 e6 4. Nf3 Bb4 5. Qc2 f5 6. g3 {A40: Unusual replies to 1 d4.} Be4 7. Qb3 {[#]} a5 $146 ({Predecessor:} 7... Nc6 8. d5 exd5 9. cxd5 Qe7 10. Bg5 Nf6 11. dxc6 Bxf3 12. O-O-O Bxc6 13. Bxf6 gxf6 14. Nd5 Bxd5 15. Qxd5 Qc5+ 16. Qxc5 Bxc5 17. e3 c6 18. Bh3 d5 19. Bxf5 Rd8 20. Rd3 Ke7 {½-½ (20) Souza,M (2064)-Macedo,M (2368) Joao Pessoa 2013}) 8. Bg2 {White has an edge.} Nc6 {[%cal Bb8c6,Bc6e7,Be7g6][%mdl 32]} 9. Qd1 Bxc3+ 10. bxc3 Nf6 11. O-O O-O 12. Bh3 Ne7 13. Nd2 Bb7 14. f3 Qe8 15. Bg2 (15. Ba3 $11) 15... d6 16. e4 fxe4 17. fxe4 Ng6 18. Bb2 Rf7 19. Qc2 e5 20. Rae1 Qc6 21. c5 bxc5 22. d5 Qd7 23. c4 a4 24. Bc3 Ne7 25. Nf3 Ng6 26. Ng5 ({White should try} 26. Nd2 $1 $11) 26... Re7 $1 $15 27. Bh3 Qe8 28. Be6+ Kh8 29. Qg2 {[#]} (29. Bf5 $15) 29... Bc8 (29... Ba6 $142 $1 30. Qe2 h6) 30. Bf5 $17 Kg8 31. Nf3 Ba6 32. Nd2 Rb8 33. Rb1 Nf8 34. Rxb8 Qxb8 35. Rb1 Qa8 36. Qe2 Bc8 37. Nf1 g6 38. Bxc8 Qxc8 39. Kg2 N8d7 40. Ba5 Rf7 41. Nd2 c6 42. Bc3 Qa6 {Strongly threatening ...cxd5.} 43. Re1 cxd5 (43... Kg7 $17) 44. cxd5 $11 Qxe2+ 45. Rxe2 Nb6 46. Ba5 Nc8 47. Nc4 Rb7 48. Bd8 Nd7 49. Rb2 Rb4 50. Rxb4 (50. Rc2 $1 $11) 50... cxb4 {[%mdl 4096] Endgame KBN-KNN} 51. Ba5 $1 {[%cal Ra5b4]} b3 52. axb3 axb3 53. Kf3 Nc5 (53... Ncb6 $5 {[%cal Rb6c4]} 54. Bxb6 Nxb6 $15) 54. Ke3 Na4 55. Kd2 Nc5 56. Ke3 Na4 57. Kd2 Nc5 58. Ke3 Na4 {Accuracy: White = 84%, Black = 79%.} 1/2-1/2

[Event "Kurnosov Memorial Rapid 2020"]
[Site "Chelyabinsk"]
[Date "2020.09.04"]
[Round "4.7"]
[White "Artemiev, Vladislav"]
[Black "Drygalov, Andrey"]
[Result "1/2-1/2"]
[WhiteElo "2716"]
[BlackElo "2495"]
[Annotator "TA"]
[PlyCount "78"]
[EventDate "2020.09.04"]
[EventType "swiss"]
[EventCountry "RUS"]
[SourceTitle "playchess.com"]
[Source "ChessBase"]
[SourceQuality "1"]

{[%evp 10,78,13,8,16,4,4,13,15,13,19,22,25,27,51,40,56,42,31,41,54,43,39,40,64,50,60,32,67,50,78,73,82,70,81,59,88,53,75,58,82,68,64,31,179,0,0,0,15,0,22,-8,0,0,0,0,35,-27,-9,-87,0,-28,0,0,0,0,0,0,0,0,0]} 1. d4 Nf6 2. Nf3 g6 3. Bg5 Bg7 4. Nbd2 O-O 5. e3 d6 6. Bc4 b6 {A48: 1 d4 Nf6 2 Nf3 g6: Torre, London and Colle Systems.} 7. O-O Bb7 8. c3 Nbd7 9. Re1 e5 {With the idea ...e4.} 10. e4 Qe8 11. Qc2 Kh8 12. a4 a6 13. Rad1 h6 14. Bh4 Nh5 {[#]} 15. Bd3 $146 ({Predecessor:} 15. Nf1 f5 16. exf5 Bxf3 17. gxf3 gxf5 18. Kh1 Nf4 19. Ng3 Ng6 20. Nxf5 Rxf5 21. Qxf5 Nxh4 {1-0 (35) Artemiev,V (2716)-Gabrielian,A (2463) chess.com INT 2020}) 15... Nf4 16. Bf1 Ne6 17. dxe5 Nxe5 18. Nd4 Nd7 19. b4 Rc8 20. Nf5 gxf5 21. exf5 Be5 {next ...Nf4 is good for Black.} 22. fxe6 fxe6 23. Bg3 Bxg3 24. hxg3 e5 25. Nc4 Nf6 26. Ne3 Ne4 {[#]} (26... a5 $14) 27. Re2 $2 (27. Bxa6 $1 $18 {[%mdl 512]} Bxa6 28. Qxe4) 27... Qh5 $36 {[%mdl 2048] Black has some pressure.} 28. Rde1 Qg5 29. Nd1 Nf6 $1 30. Qd2 Qg6 31. c4 Qh5 {( -> ...Ng4)} 32. Ne3 Rcd8 33. f3 (33. Qd1 $14) 33... Qg5 {White must now prevent ...Nh5.} 34. Nd1 (34. g4 $11 {keeps the balance.}) 34... Qg6 (34... Qxg3 $17 {Threatens to win with ...Qg7.} 35. Qxh6+ Nh7) 35. Nf2 Kg7 36. Kh2 {The position is equal.} Qh5+ 37. Kg1 Qg6 38. Kh2 Qh5+ 39. Kg1 Qg6 {Accuracy: White = 79%, Black = 77%.} 1/2-1/2